| 000 | 00000nam##2200000za#4500 |
| 001 | 9.555378 |
| 003 | CaOODSP |
| 005 | 20200709171323 |
| 007 | ta |
| 008 | 150406|2012||||xxc||||| f|0| 0 eng|d |
| 040 | |aCaOODSP|beng |
| 041 | |aeng |
| 041 | |afre |
| 043 | |an-cn--- |
| 086 | 1 |aRv55-5/11-5-9-2012 |
| 110 | 2 |aCanada Border Services Agency. |
| 245 | 10|aCanada-Colombia Free Trade Agreement (CCOFTA) Rules of Origin |
| 260 | |aOttawa - Ontario : |bCanada Border Services Agency |
| 300 | |aEnglish text, 2p. ; |c28 cm. |
| 490 | 1 |aCustoms D memoranda. D11, General tariff information |vD11-5-9, February 1, 2012 |
| 563 | |aProcessed |
| 776 | 0#|tCanada-Colombia Free Trade Agreement (CCOFTA) rules of origin |w(CaOODSP)9.580874 |
| 776 | 0#|tRègles d'origine de l'Accord de libre-échange Canada-Colombie (ALÉCCO) |w(CaOODSP)9.607811 |
| 792 | |tRègles d'origine de l'Accord de libre-échange Canada-Colombie (ALÉCCO) |efre|w(CaOODSP)9.555379 |
| 830 | #0|aCustoms D memoranda. D11, General tariff information ;|vD11-5-9, February 1, 2012|w(CaOODSP)9.510862 |